The Said and The Unsaid Things of Indian Fiction in English/ (Record no. 205701)
[ view plain ]
| 000 -LEADER | |
|---|---|
| fixed length control field | 00678nam a22002057a 4500 |
| 005 - DATE AND TIME OF LATEST TRANSACTION | |
| control field | 20240909113041.0 |
| 010 ## - LCCN (DPL NO) | |
| LC control number | ENG-141689 |
| 020 ## - INTERNATIONAL STANDARD BOOK NUMBER | |
| International Standard Book Number | 9789382630043 |
| Terms of availability | 750.00 |
| 035 ## - SYSTEM CONTROL NUMBER | |
| System control number | EN-125221 |
| 037 ## - SOURCE OF ACQUISITION | |
| Source of stock number/acquisition | DBAD |
| 082 ## - DEWEY DECIMAL CLASSIFICATION NUMBER | |
| Classification number | 891.471 |
| 100 ## - MAIN ENTRY--PERSONAL NAME | |
| Personal name | Gopichand. P |
| 245 ## - TITLE STATEMENT | |
| Title | The Said and The Unsaid Things of Indian Fiction in English/ |
| Statement of responsibility, etc | P. Gopichand |
| 260 ## - PUBLICATION, DISTRIBUTION, ETC. (IMPRINT) | |
| Place of publication, distribution, etc | Jaipur |
| Name of publisher, distributor, etc | Aadi Publications |
| Date of publication, distribution, etc | 2013 |
| 270 ## - ADDRESS | |
| Address | F-11, S.S. Tower, Dhamani Street, Chaura Rasta, |
| City | Jaipur |
| Postal code | 302003 |
| Telephone number | 0141-2311900 |
| 300 ## - PHYSICAL DESCRIPTION | |
| Extent | cxv,214p. |
| Dimensions | 22cm.(Hb) |
| Other physical details | ,ill |
| 500 ## - GENERAL NOTE | |
| General note | Indian Fiction in English |
| 700 ## - ADDED ENTRY--PERSONAL NAME | |
| Personal name | P. Nagasuseela |
| 9 (RLIN) | 71292 |
| 942 ## - ADDED ENTRY ELEMENTS (KOHA) | |
| Source of classification or shelving scheme | Dewey Decimal Classification |
| Item type | English Books |
| Classification part | 891.471 |
| Call number suffix | GOP |
| Withdrawn status | Lost status | Not for loan | Collection code | Home library | Current library | Date acquired | Source of acquisition | Cost, normal purchase price | Full call number | Barcode | Copy number | Cost, replacement price | Koha item type |
|---|---|---|---|---|---|---|---|---|---|---|---|---|---|
| Not For Loan | Non-fiction | D.B.Act.Division | D.B.Act.Division | 09/09/2024 | DBAD | 750.00 | 891.471 GOP | EN-125221 | 1 | 750.00 | English Books |
